Pattern and process in macroecology
Αποθηκεύτηκε σε:
| Κύριος συγγραφέας: | |
|---|---|
| Άλλοι συγγραφείς: | |
| Μορφή: | Βιβλίο |
| Γλώσσα: | English |
| Δημοσίευση: |
Oxford, OX :
Blackwell Science,
2000
|
| Θέματα: | |
| Ετικέτες: |
Προσθήκη ετικέτας
Δεν υπάρχουν, Καταχωρήστε ετικέτα πρώτοι!
|
MARC
| LEADER | 00000nam a2200000 i 4500 | ||
|---|---|---|---|
| 001 | 1/82916 | ||
| 008 | 080417s2000 eng d | ||
| 020 | |a 978-0-632-05653-8 | ||
| 020 | |a 0-632-05653-3 | ||
| 035 | |l 10096788 | ||
| 040 | |a GR-MY-UA |b gre |e aacr | ||
| 041 | 0 | |a eng | |
| 082 | 0 | |a 577 |2 (22) | |
| 100 | 1 | |a Gaston, Kevin J. | |
| 245 | 1 | 0 | |a Pattern and process in macroecology / |c Kevin J. Gaston, Tim M. Blackburn |
| 260 | |a Oxford, OX : |b Blackwell Science, |c 2000 | ||
| 300 | |a xii, 377 σ.; |b εικ., πίν., χάρτες; |c 25 εκ. | ||
| 504 | |a Βιβλιογραφία: σ. 301-348 | ||
| 504 | |a Ευρετήριο: σ. 371-377 | ||
| 650 | 0 | 0 | |a Macroecology. |
| 700 | 1 | |a Blackburn, Tim M. | |
| 852 | |a INST |b LESVOS |e 20080417 |h 577 GAS |p 005100038630 |q 005100038630 |t BK |y 0 | ||
| 901 | |a BIBL1-2008-1 | ||
| 909 | |a Λ |b 144245 | ||
| 922 | |a 1ΕΛΗ |b 200801 |c ΕΠΕΑΕΚ2/ΤΠ |d ΠΑΠΑΣΩΤΗΡΙΟΥ | ||
| 970 | |a ΓΙΑΛΑΜΑ |b ΜΑΡΙΑ |z 2008/04/17 | ||